Normal view
MARC view
- Dr. Mujtaba Hassan Agha
Entry Personal Name
001 - CONTROL NUMBER
- control field: 34413
003 - CONTROL NUMBER IDENTIFIER
- control field: NUST
005 - DATE AND TIME OF LATEST TRANSACTION
- control field: 20201022153925.0
008 - FIXED-LENGTH DATA ELEMENTS
- fixed length control field: 201022|| aca||aabn | a|a d
040 ## - CATALOGING SOURCE
- Original cataloging agency: NUST
- Transcribing agency: NUST
100 ## - HEADING--PERSONAL NAME
- Personal name: Dr. Mujtaba Hassan Agha
670 ## - SOURCE DATA FOUND
- Source citation: Work cat.: (NUST): Ashfaq, Asad 34412, WASTE HEAT RECOVERY (WHR), ITS IMPLEMENTATION & IMPACT ON CEMENT INDUSTRY OF PAKISTAN /, 2013.
